000 01496nam a2200253 a 4500
001 78050
003 BD-RjUL
005 20211209083101.0
008 210311s2005 bg ||||| m||| 00| 0 ben d
035 _a(BD-RjUL)78276
040 _aBD-RjUL
_bben /eng
_cBD-RjUL
_dBD-RjUL
041 _aben
082 _a891.44109
_bRAM 2005
_223
100 _aরাজ্জাক, মো. আব্দুর
_9245904
245 1 0 _aমধ্যযুগের রোমাণ্টিক প্রণয়কাব্যে প্রেম ও সৌন্দর্য /
_cমো. আব্দুর রাজ্জাক ;
_6তত্ত্বাবধায়ক : অমৃতলাল বালা
260 _aরাজশাহী :
_bবাংলা বিভাগ, রাজশাহী বিশ্ববিদ্যালয়,
_c২০০৫
300 _a[৬], i, ৩৩১ পাতা ;
_c২৯ সেমি.
502 _aথিসিস (এম. ফিল.) -- বাংলা বিভাগ, রাজশাহী বিশ্ববিদ্যালয়, ২০০৫
504 _aতথ্যপঞ্জি : পাতা [৩২৫]-৩৩১
650 _aবাংলা কবিতা
_xইতিহাস ও সমালোচনা
_yমধ্যযুগ
_9244745
650 _aBengali Poetry
_xHistory and Criticism
_zBangladesh
_yMiddle Ages
_9245905
700 _aবালা, অমৃতলাল, তত্ত্বাবধায়ক
_9245906
942 _2ddc
_cTHE
999 _c78050
_d78050